00301nam a2200121Ia 4500008004100000100002200041245003700063260003500100300000900135650001300144942000700157999001500164190216s9999||||xx |||||||||||||| ||und|| aLawrence J Gitman 0aPrinciples Of Managerial Finance bHarper International Stdc1979 a290p aCommerce cBK c4555d4555